قصة السنوات العشر الثورة فى سنواتها العشر الأولى على صفحات الصداقة

محفوظ في:

المؤلف الرئيسي: عبد القادر حمزة.

التنسيق: كتاب

اللغة: Undetermined

منشور في: Al-Qāhirah Matabie al-balagh 1952

سلاسل: سلسلة الصداقة

الوسوم: إضافة وسم

لا توجد وسوم, كن أول من يضع وسما على هذه التسجيلة!

رقم الطلب: N33 HAMZ

LEADER 00492nam a2200133Ia 4500
008 240404s9999||||xx |||||||||||||| ||und||
050 4 |a N33 HAMZ 
100 1 |a عبد القادر حمزة. 
245 1 0 |a قصة السنوات العشر  |b الثورة فى سنواتها العشر الأولى على صفحات الصداقة  |c عبد القادر حمزة 
264 1 |a Al-Qāhirah  |b Matabie al-balagh  |c 1952 
300 |a 200  |c 24 
490 0 |a سلسلة الصداقة 
942 |2 lcc  |c BK 
999 |c 58089  |d 58089